| 000 | 01035cam a2200277 a 4500 | ||
|---|---|---|---|
| 999 |
_c18538 _d18538 |
||
| 001 | 1037756 | ||
| 005 | 20161221161747.0 | ||
| 008 | 890815s1990 cauaf b 001 0 eng | ||
| 010 | _a 89037025 | ||
| 020 | _a0534122221 | ||
| 050 | 0 | 0 | _aGF41 .M54 1990 |
| 100 | 1 |
_aMiller, G. Tyler _q(George Tyler), _d1931- |
|
| 245 | 1 | 0 |
_aLiving in the environment : _ban introduction to environmental science / _cG. Tyler Miller, Jr. |
| 250 | _a6th ed. | ||
| 260 |
_aBelmont, Calif. : _bWadsworth Pub. Co., _cc1990. |
||
| 300 |
_axviii, 620, 60 p., [8] p. of plates : _bill. (some col.) ; _c29 cm. |
||
| 500 | _a"The Annenberg/CPB project"--Cover. | ||
| 504 | _aIncludes bibliographical references. | ||
| 650 | 0 | _aHuman ecology. | |
| 650 | 0 | _aEnvironmental sciences. | |
| 942 |
_2lcc _cBOOKS _hGF41 .M54 1990 |
||